000 00797cab a2200253 4500
001 WB2741-13
008 090401t1991 xxu||||| |||| 00| 0 eng d
035 _a(Sirsi) u20613
041 _aeng
245 _aHouse slump brings down living costs
260 _c1991
350 _a0
490 _aDaily Telegraph
_v21 October 1991, 6&18
490 _aTimes
_v21 October 1991, 20(3)
520 _aAccording to Reward`s "UK regional cost of living report" (Reward, Stone Business Park, Stone, Staffs £90) the slump in house prices has helped to bring the cost of living down.
650 _aCOST OF LIVING
650 _aHOME OWNERSHIP
650 _aHOUSE PRICES
650 _aQUALITY OF LIFE
650 _aREGIONS
690 _aECONOMIC AND SOCIAL
942 _n0
948 _c04/03/1997
999 _c13809
_d13809